000 00412nam a2200157 a 4500
005 20250120163325.0
008 250120t2018 my ||||| |||| 00| 0 may d
040 _aAKMAL
082 _a899.2333 HAN
090 0 0 _a899.2333
_bHAN
245 1 0 _aKorban Cinta /
_cHana (HE)
264 0 0 _aTerengganu :
_bHE Dynamics Enterprise ,
_c2018
300 _a360p. :
_bill ;
_c19cm
650 1 0 _aMalay fiction
942 _2ddc
_cBOOK
999 _c5024
_d5024